|
|
|
|
| LEADER |
00638nam a22002172a 4500 |
| 001 |
001441634 |
| 003 |
CZ BrMZK |
| 005 |
20141204132123.0 |
| 007 |
ta |
| 008 |
141204s1927 gw f er|||||||||||ger d |
| 040 |
|
|
|a BOA001
|b cze
|
| 100 |
1 |
|
|a Schmidt, Ernst
|4 aut
|
| 245 |
1 |
0 |
|a Argonnen /
|c Ernst Schmidt
|
| 260 |
|
|
|a Oldenburg i.O. :
|b G. Stalling,
|c 1927
|
| 300 |
|
|
|a 244 s., příl.
|
| 490 |
1 |
|
|a Schlachten des Weltkrieges ;
|v Bd. 18
|
| 830 |
|
0 |
|a Schlachten des Weltkrieges
|
| 910 |
|
|
|a BOA001
|b 2-0341.427
|
| 990 |
|
|
|a BK
|
| 991 |
|
|
|b 201412
|
| 996 |
7 |
|
|b 2618986545
|c 2-0341.427
|l MZK
|r Sklad / do 24 hodin
|n 0
|w 001476610
|u 000010
|a 1
|e BOA001
|j MZK50
|s A
|